| 000 | 00429nam a22001577a 4500 | ||
|---|---|---|---|
| 999 |
_c62532 _d62532 |
||
| 005 | 20241202110611.0 | ||
| 008 | 241202s2022 enk||||| |||| 00| 0 eng d | ||
| 020 | _a9780241529713x | ||
| 041 | _aeng | ||
| 080 | _a159.9 S-68 | ||
| 245 |
_aWhy Has Nobody Told Me This Before / _cJulie Smith. |
||
| 264 |
_aDublin, _c2022. |
||
| 300 |
_a422 p.; _b23 cm. |
||
| 653 | _aფსიქოლოგია | ||
| 942 |
_2udc _cᲬᲘᲒᲜᲘ |
||